00614nam a2200169 a 450000100060000000300090000600800410001502000150005604000280007108200150009910000520011424501420016626000350030830000110034349000340035465000560038819467CO-ViMGA141112s2004 ck r 000 u spa d a9508021063 aCO-ViMGAbspacCO-ViMGA04a323.4 P3711 aPeralta, María Ines; Reartes, Julia Alejandra10aNiñez y derechos : bformación de promotores de derechos de la niñez y la adolescencia : buna propuesta teórica - metodológica aBuenos Aires : bEspacio; 2000 a128 p. aColección Ciencias sociales14aDERECHOS DEL NIÑO Y DEL ADOLESCENTE - ENSEÑANZA